000 00291nam a2200133Ia 4500
005 20251222140059.0
008 251222s1900||||xx |||||||||||||| ||spa||
082 _a160/R31L
100 _a Rea Ravello, Bernardo
245 0 _aLógica
250 _a1ra. ed
264 _bUSMP
942 _cLIB
999 _c3883
_d3883